Statistics for Guess the Chess opening

Click here to take the quiz!

General Stats

  • This quiz has been taken 157 times
  • The average score is 2 of 15

Answer Stats

HintAnswer% Correct
1. e4 e5 2. Nf3 Nc6 3. Bc4 Nf6 4. Ng5 Bc5Traxler Counter-Attack
55%
1. b4Polish Opening
33%
1. b3Nimzowitsch-Larsen Attack
32%
1. d4 d5 2. Bf4Accelerated London System
31%
1. e4 Nc6Nimzowitsch Defense
20%
1. e4 e5 2. Nf3 Nc6 3. Bc4 Bc5 4. f4Evan's Gambit
13%
1. e4 c5 2. c3Sicilian Defense, Alapin Variation
12%
1. e3Van't Krujis Opening
7%
1. e4 c6 2. d4 d5 3. e5Caro-Kann Defense, Advanced Variation
6%
1. e4 e5 2. Nf3 Qa4Wayward Queen Attack
5%
1. e4 e5 2. Nf3 Nc6 3. Bb5 Nf6 4. O-O Nxe4Rio Gambit, Accepted Line
1%
1. e4 d5 2. exd5Scandinavian Defense, Mieses Kotroc Variation
1%
1. e4 e5 2. Nf3 Nf6 3. Nxe5 Nc6 4. Nf3Stafford Gambit, Declined Line
1%
1. d4 e5 2. dxe5Englund Gambit, Accepted Line
0%
1. e4 e5 2. Nc3 Nc6 3. Bc4 Bc5Vienna Game, Symmetrical Variation
0%

Score Distribution

Percentile by Number Answered

Percent of People with Each Score

Your Score History

You have not taken this quiz